|
|
|
|
| LEADER |
00810nam a2200181Ia 4500 |
| 001 |
164481 |
| 008 |
170722s9999 xx 000 0 und d |
| 100 |
|
|
|a Pappootty, K.
|
| 245 |
|
|
|a Jyothisasthra vijnanakosam /
|
| 260 |
|
|
|a Thiruvananthapuram :
|b The State Institute of Encyclopaedic Publications ,
|c 2009.
|
| 300 |
|
|
|a 704 p.
|
| 653 |
|
|
|a Astronomy
|
| 653 |
|
|
|a Mathematics
|
| 923 |
|
|
|d 20100329
|n 827
|
| 942 |
|
|
|c REF
|
| 999 |
|
|
|c 143449
|d 143449
|
| 952 |
|
|
|0 0
|1 0
|4 0
|6 B_9K_32P9RP91KR
|7 0
|8 R
|9 203055
|a LIB
|b LIB
|d 2013-03-25
|e The State Institute of Encyclopaedic Publications
|h R
|o B9k 32P9(R)-P9;1(KR)
|p 279484
|r 2017-08-12
|w 2017-08-12
|y REF
|
| 952 |
|
|
|0 0
|1 0
|4 0
|6 B_9K_32P9RP91KR
|7 0
|8 KR
|9 203056
|a LIB
|b LIB
|d 2013-03-25
|e The State Institute of Encyclopaedic Publications
|h KR
|o B9k 32P9(R)-P9;1(KR)
|p 279485
|r 2017-08-12
|w 2017-08-12
|y GEN
|